Marketing Essentials (Record no. 6232)

MARC details
005 - DATE AND TIME OF LATEST TRANSACTION
control field 20250629093815.0
020 ## - INTERNATIONAL STANDARD BOOK NUMBER
International Standard Book Number 0078303974
082 ## - DEWEY DECIMAL CLASSIFICATION NUMBER
Classification number 658.8 SCH
100 ## - MAIN ENTRY--PERSONAL NAME
Author name SCHNEIDER,L.F.
245 ## - TITLE STATEMENT
Title Marketing Essentials
260 ## - PUBLICATION, DISTRIBUTION, ETC.
Place of publication, distribution, etc. New York.
Name of publisher, distributor, etc. Mc Graw Hill,
Date of publication, distribution, etc. 2003.
300 ## - PHYSICAL DESCRIPTION
Extent xxvii,771p.:ill.,figure,pictures,tables
Other physical details index.
Dimensions 27cm.
700 ## - ADDED ENTRY--PERSONAL NAME
Other authors/Editors KIMBRELL,G & WOLOSZYK
942 ## - ADDED ENTRY ELEMENTS (KOHA)
Source of classification or shelving scheme Dewey Decimal Classification
Koha item type Books
Holdings
Date last seen Total checkouts Full call number Barcode Cost, replacement price Price effective from Koha item type Lost status Source of classification or shelving scheme Damaged status Not for loan Withdrawn status Home library Current library Shelving location Date acquired Source of acquisition Cost, normal purchase price
06/29/2025   658.8 SCH DOM0004223 150000.00 06/29/2025 Books   Dewey Decimal Classification       CBE Dodoma CBE Dodoma General Collection 01/07/2005 Library budget 50000.00
06/29/2025   658.8 SCH DOM0004224 150000.00 06/29/2025 Books   Dewey Decimal Classification       CBE Dodoma CBE Dodoma General Collection 01/07/2005 Library budget 50000.00
06/29/2025   658.8 SCH DOM0003920 150000.00 06/29/2025 Books   Dewey Decimal Classification       CBE Dodoma CBE Dodoma General Collection 01/07/2005 Library budget 50000.00
06/29/2025   658.8 SCH DOM0004436 150000.00 06/29/2025 Books   Dewey Decimal Classification       CBE Dodoma CBE Dodoma General Collection 01/07/2005 Library budget 50000.00